Report Of The Public Committees On The Report Of The Auditor-General On the Accounts Of District Assemblies For The Financial Year Ended 31st December, 2015 (Record no. 4400)

MARC details
000 -LEADER
fixed length control field 00690nam a22001577a 4500
003 - CONTROL NUMBER IDENTIFIER
control field OSt
005 - DATE AND TIME OF LATEST TRANSACTION
control field 20241223150126.0
008 - FIXED-LENGTH DATA ELEMENTS--GENERAL INFORMATION
fixed length control field 240822b |||||||| |||| 00| 0 eng d
041 ## - LANGUAGE CODE
Language code of text/sound track or separate title English
082 ## - DEWEY DECIMAL CLASSIFICATION NUMBER
Classification number CR/DA'S/15 Acc.no.:7518
110 ## - MAIN ENTRY--CORPORATE NAME
Corporate name or jurisdiction name as entry element Seventh Parliament Of The Republic Of Ghana
245 ## - TITLE STATEMENT
Title Report Of The Public Committees On The Report Of The Auditor-General On the Accounts Of District Assemblies For The Financial Year Ended 31st December, 2015
260 ## - PUBLICATION, DISTRIBUTION, ETC.
Place of publication, distribution, etc. Accra
Name of publisher, distributor, etc. Seventh Parliament Of The Republic Of Ghana
Date of publication, distribution, etc. 31st December, 2015
653 ## - INDEX TERM--UNCONTROLLED
Uncontrolled term Auditor-General On the Accounts Of District Assemblies For The Financial Year Ended 31st December, 2015
942 ## - ADDED ENTRY ELEMENTS (KOHA)
Source of classification or shelving scheme Dewey Decimal Classification
Koha item type Reports
Suppress in OPAC No
Holdings
Withdrawn status Lost status Source of classification or shelving scheme Damaged status Not for loan Home library Current library Shelving location Date acquired Total checkouts Full call number Date last seen Copy number Price effective from Koha item type
    Dewey Decimal Classification     Main Library Main Library Open Shelves 23/12/2024   CR/DA'S/15 Acc.No.7518 23/12/2024 1 23/12/2024 Reports
©2026  Parliament of Ghana Library - All rights reserved